000 00455nam a22001817a 4500
005 20180208124850.0
008 160429b xxu||||| |||| 00| 0 eng d
020 _a81-7808499-6
041 _aeng
082 _b00766
_a006.33
100 _aJackson, Peter
_9214
245 _aIntroduction to: Expert System
250 _a3RD ED.
260 _aNew Delhi
_bPearson Education,
_c2003
300 _a542
650 _aInformation Technology
_9137
942 _cBK
999 _c239
_d239